书目信息 |
| 题名: |
高职英语教学与教师职业能力培养研究
|
|
| 作者: | 王娟, 著 | |
| 分册: | ||
| 出版信息: | 沈阳 辽宁大学出版社 2021.11 |
|
| 页数: | 238页 | |
| 开本: | 24cm | |
| 丛书名: | ||
| 单 册: | ||
| 中图分类: | H319.3 , G715 | |
| 科图分类: | ||
| 主题词: | 英语--ying yu--教学研究--高等职业教育 , 高等职业教育--gao deng zhi ye jiao yu--教师--能力培养--研究 | |
| 电子资源: | ||
| ISBN: | 978-7-5698-0626-7 | |
| 000 | 01294nam0 2200265 450 | |
| 001 | 24891 | |
| 005 | 20220918113859.50 | |
| 010 | @a978-7-5698-0626-7@dCNY79.00 | |
| 100 | @a20220303d2021 em y0chiy50 ea | |
| 101 | 0 | @achi |
| 102 | @aCN@b210000 | |
| 105 | @ay a 000yy | |
| 200 | 1 | @a高职英语教学与教师职业能力培养研究@Agao zhi ying yu jiao xue yu jiao shi zhi ye neng li pei yang yan jiu@f王娟著 |
| 210 | @a沈阳@c辽宁大学出版社@d2021.11 | |
| 215 | @a238页@d24cm | |
| 314 | @a王娟, 女, 布依族, 1972年11月生, 中共党员, 贵州省兴义市人。1995年7月毕业于贵州师范大学外语系, 现为黔西南民族职业技术学院英语专业副教授。 | |
| 320 | @a有书目 (第235-237页) | |
| 330 | @a本书对高职教学与高职英语教学的特点、教学要求以及高职英语教学的专业建设、课程设置、教学模式、教学手段等方面做了系统的研究, 并在经济全球化、网络化、信息化的新时代背景下, 提出了高职英语教学的改革思路, 从有效教学、职业能力培养以及信息技术运用的角度对高职英语教学的改革进行了深入探讨, 并对高职英语教师的专业发展和能力培养进行了创新研究。 | |
| 606 | 0 | @a英语@Aying yu@x教学研究@x高等职业教育 |
| 606 | 0 | @a高等职业教育@Agao deng zhi ye jiao yu@x教师@x能力培养@x研究 |
| 690 | @aH319.3@v5 | |
| 690 | @aG715@v5 | |
| 701 | 0 | @a王娟,@Awang juan@f1972-@4著 |
| 801 | 0 | @aCN@c20220910 |
| 905 | @a河南城建学院图书馆@dH319.3@eW235@f2 | |
| 高职英语教学与教师职业能力培养研究/王娟著.-沈阳:辽宁大学出版社,2021.11 |
| 238页;24cm |
| ISBN 978-7-5698-0626-7:CNY79.00 |
| 本书对高职教学与高职英语教学的特点、教学要求以及高职英语教学的专业建设、课程设置、教学模式、教学手段等方面做了系统的研究, 并在经济全球化、网络化、信息化的新时代背景下, 提出了高职英语教学的改革思路, 从有效教学、职业能力培养以及信息技术运用的角度对高职英语教学的改革进行了深入探讨, 并对高职英语教师的专业发展和能力培养进行了创新研究。 |
| ● |
| 相关链接 |
|
|
|
正题名:高职英语教学与教师职业能力培养研究
索取号:H319.3/W235
 
预约/预借
| 序号 | 登录号 | 条形码 | 馆藏地/架位号 | 状态 | 备注 |
| 1 | 1575397 | 215753977 | 语言库209/209语言库 42排5列4层/ [索取号:H319.3/W235] | 在馆 | |
| 2 | 1575398 | 215753986 | 语言库209/209语言库 42排5列4层/ [索取号:H319.3/W235] | 在馆 |